Statistics for The King Of Bling - Horrible Histories (All Lyrics)

Click here to take the quiz!

General Stats

  • This quiz has been taken 64 times
    (57 since last reset)
  • The average score is 268 of 332

Answer Stats

Lyric% Correct
a
100%
Charles
100%
Eng
100%
I
100%
II
100%
is
100%
monarch
100%
monarchy
100%
My
100%
my
100%
name
100%
people
100%
The
100%
the
100%
and
97%
English
97%
French
97%
love
97%
me
97%
much
97%
restored
97%
so
97%
that
97%
they
97%
but
94%
Dane
94%
hundred
94%
King
94%
king
94%
one
94%
animal
91%
be
91%
bit
91%
bling
91%
champagne?
91%
he
91%
Italian
91%
little
91%
of
91%
part
91%
Party
91%
party
91%
percent
91%
Scottish
91%
then
91%
was
91%
because
89%
I'm
89%
land
89%
sin
89%
too
89%
who
89%
all
86%
All
86%
back
86%
can't
86%
Cromwell
86%
do
86%
hail
86%
have
86%
his
86%
jolly
86%
let's
86%
like
86%
lost
86%
ruled
86%
throne
86%
wasn't
86%
after
83%
anyway
83%
ball
83%
birthday?
83%
brought
83%
daddy
83%
fun
83%
hair
83%
head
83%
masked
83%
no
83%
old
83%
Olly
83%
partying
83%
recall
83%
Spaniels
83%
today
83%
when
83%
When
83%
banned
80%
bells
80%
chopped
80%
come
80%
ding
80%
named
80%
not
80%
off
80%
ring
80%
said
80%
sing
80%
were
80%
with
80%
as
77%
by
77%
Charlie
77%
died
77%
get
77%
glum
77%
hearty
77%
kings
77%
miserable
77%
we'd
77%
what
77%
allowed
74%
did
74%
proud
74%
rather
74%
restoration
74%
rid
74%
stopper
74%
celebration
71%
fire
71%
followed
71%
huge
71%
laws
71%
London
71%
only
71%
sinning's
71%
whopper
71%
would
71%
called
69%
came
69%
Great
69%
nutty
69%
right
69%
this
69%
which
69%
naturally
66%
or
66%
proper
66%
adored
63%
bad
63%
cares
63%
city
63%
cropper
63%
crown
63%
dull
63%
her
63%
in
63%
than
63%
that's
63%
think
63%
two
63%
done
60%
married
60%
maybe
60%
more
60%
must
60%
reign
60%
rules
60%
there
60%
well
60%
admit
57%
another
57%
broke
57%
good
57%
jewels?
57%
names
57%
never
57%
true
57%
you
57%
action's
54%
days
54%
for
54%
loved
54%
silly
54%
song
54%
wedding
54%
bopper
51%
England
51%
everyone
51%
proved
51%
she
51%
anyone?
49%
anything
49%
Catherine
49%
say
49%
merry
46%
run
46%
even
43%
Lucy
43%
Nell
43%
reinstated
43%
Gwynne
40%
make
40%
sports
40%
up
40%
plays
37%
Walter
37%
Davies
31%
Hortense
31%
Moll
31%
Braganza
29%
fought
29%
Barbara
26%
Mancini
23%
Villiers
23%

Score Distribution

Percentile by Number Answered

Percent of People with Each Score

Your Score History

You have not taken this quiz since the last reset